00410nam a2200181Ia 4500003000900000008004100009040001300050040001300063041000900076100002300085245004300108250000900151260003000160260000900190300001100199300001200210490000600222IT-RoPAU120407s9999 xx 000 0 und d aIT-RoPAU cIT-RoPAU alat  aSebastianus Fraghi aDe condicionibus matrimonio appositis. aRoma aOfficium Libri Catholici  c1941 a118 p. c25,5 cm v1